00479nam a2200181 a 450000100060000000300090000600800410001502000150005604000280007108200100009910000200010924500360012926000410016530000100020649000240021665000340024065000230027417735CO-ViMGA141112s2004 ck r 000 u spa d a8424180151 aCO-ViMGAbspacCO-ViMGA04aVILsi1 aVilagut, Xavier10aLos siete cabritillos y el lobo aLeón (España), cEverest, c2001 a45.p. aMontaña encantada14aANIMALES - CUENTOS INFANTILES14aCUENTOS INFANTILES